000
00290nam a2200121Ia 4500
008
190216s9999||||xx |||||||||||||| ||und||
100
_a
Ellsworth P T&Amp;Clark Leith J
245
0
_a
International Economy
260
_b
Macmillan
_c
1975
300
_a
564p
650
_a
Economics
942
_c
BK
999
_c
9486
_d
9486